Discursos leídos en la sesión inaugural del año académico de 1875-76 en la Academia Médico-Quirúrgica Española (Record no. 153492)

MARC details
000 -LEADER
campo de control de longitud fija 01028nam a2200217 i 4500
001 - NÚMERO DE CONTROL
campo de control 153492
003 - IDENTIFICADOR DE NÚMERO DE CONTROL
campo de control ES-MaACL
005 - FECHA Y HORA DE LA ÚLTIMA TRANSACCIÓN
campo de control 20230906205239.0
008 - DATOS DE LONGITUD FIJA--INFORMACIÓN GENERAL
campo de control de longitud fija 950724s1875 sp |||| | spa d
040 ## - FUENTE DE CATALOGACIÓN
Centro catalogador/agencia de origen CAM
Lengua de catalogación spa
Centro/agencia transcriptor CAM
100 1# - ENTRADA PRINCIPAL--NOMBRE DE PERSONA
Nombre de persona Diego, Francisco de.
9 (RLIN) 44544
245 10 - MENCIÓN DEL TÍTULO
Título Discursos leídos en la sesión inaugural del año académico de 1875-76 en la Academia Médico-Quirúrgica Española
Resto del título : verificada el 19 de diciembre de 1875 /
Mención de responsabilidad, etc. por... Francisco de Diego; y... Enrique Graells y Alcalde.
260 ## - PUBLICACIÓN, DISTRIBUCIÓN, ETC.
Lugar de publicación, distribución, etc. Madrid :
Nombre del editor, distribuidor, etc. [s.n.],
Fecha de publicación, distribución, etc. 1875 (
Fabricante Berenguillo)
300 ## - DESCRIPCIÓN FÍSICA
Extensión 80 p. ;
Dimensiones 23 cm.
530 ## - NOTA DISPONIBLE DE FORMULARIO FÍSICO ADICIONAL
Nota de formato físico adicional disponible Disponible también en sitio web.
650 #4 - PUNTO DE ACCESO ADICIONAL DE MATERIA--TÉRMINO DE MATERIA
Término de materia o nombre geográfico como elemento de entrada Cadáveres-
Subdivisión general Conservación.
9 (RLIN) 152564
700 1# - ENTRADA AGREGADA--NOMBRE PERSONAL
Nombre de persona Graells y Alcalde, Enrique.
9 (RLIN) 152563
710 0# - ENTRADA AGREGADA--NOMBRE DE ENTIDAD CORPORATIVA
Nombre de entidad corporativa o nombre de jurisdicción como elemento de entrada Academia Médico-Quirúrgica Española.
9 (RLIN) 1209
852 ## - LOCALIZACIÓN
Ubicación ES-MaACL
Número de control de estantería T-685-F-6
Nota libre -- Enc. hol.
-- -- Enc. varias obras en un vol.
856 ## - LOCALIZACIÓN Y ACCESO ELECTRÓNICOS
Identificador Uniforme de Recursos <a href="http://bibliotecadigitalhispanica.bne.es:80/webclient/DeliveryManager?pid=1835375&custom_att_2=simple_viewer">http://bibliotecadigitalhispanica.bne.es:80/webclient/DeliveryManager?pid=1835375&custom_att_2=simple_viewer</a>
Nota pública Ir a la página
Holdings
Estatus retirado Estado de pérdida Estado de daño No para préstamo Colección Biblioteca de origen Biblioteca actual Ubicación en estantería Fecha de adquisición Total de préstamos Signatura topográfica completa Código de barras Visto por última vez Precio de reemplazo Tipo de ítem Koha
        Colección de folletos Biblioteca del Ateneo de Madrid Biblioteca del Ateneo de Madrid Depósito folletos 17/01/2008   T-685-F-6 1160419 23/02/2023 23/02/2023 Folleto